EPIC The Musical : My Goodbye - Statistiques

Statistiques générales
  • Ce quiz a été pris 43 fois
  • Le résultat moyen est 301 sur 344
Statistiques - réponses
Hint Réponse % Correct
a
100%
at
100%
Odysseus At
100%
be
100%
for
100%
I
100%
I'm
100%
I′m
100%
me
100%
not
100%
of
100%
the
100%
to
100%
warrior,
100%
what
100%
ya
100%
Athena You
100%
you
100%
you,
100%
your
100%
You′re
100%
you′re
100%
| Athena You're
100%
you're
100%
alone?
96%
alone!
96%
friend
96%
goodbye
96%
just
96%
Choir Just
96%
know
96%
Man
96%
mine
96%
my
96%
So
96%
so
96%
| Athena This
96%
this
96%
all
93%
But
93%
can
93%
day,
93%
day
93%
fighting
93%
Odysseus Hey!
93%
is
93%
| Athena One
93%
teaching
93%
that
93%
| Odysseus That′s
93%
time
93%
way,
93%
why
93%
you′ll
93%
You'll
93%
after
89%
and
89%
And
89%
as
89%
best
89%
dead
89%
known
89%
least
89%
looking
89%
now
89%
Choir Oh
89%
soft,
89%
were
89%
we're
89%
attest
86%
| Athena Consider
86%
friends
86%
grown
86%
mentor,
86%
Athena Put
86%
reckless,
86%
saying
86%
someone
86%
spent
86%
today,
86%
Unlike
86%
aside
82%
dies
82%
don't
82%
emotions
82%
every
82%
gone
82%
it
82%
life
82%
mind
82%
night?
82%
sentimental
82%
should
82%
sleep
82%
understand
82%
waste
82%
While
82%
with
82%
won't
82%
won′t
82%
deal
79%
done
79%
failed
79%
head
79%
like
79%
mistook
79%
much
79%
out
79%
test
79%
vain
79%
Why′s
79%
cross
75%
general,
75%
line
75%
saw
75%
surprised?
75%
warned
75%
wiser
75%
wrong
75%
You've
75%
can′t
71%
I′ll
71%
I'll
71%
place
71%
rest
71%
Selfish
71%
title
71%
went
71%
where
71%
hear
68%
keep
68%
never
68%
own
68%
remind
68%
Since
68%
when
68%
claim
64%
disappoint
64%
effort
64%
have
64%
If
64%
lead
64%
sight
64%
damn
61%
get
61%
goddess
61%
lost
61%
prideful
61%
sever
61%
wanted
61%
What's
61%
yours
61%
close
57%
cut
57%
door
57%
left
57%
meant
57%
save
57%
could
54%
might
54%
lend
50%
oh-oh-oh
46%
plague
46%
strain
43%
over
39%
Aucun quiz correspondant
Distribution des résultats
% des personnes avec chaque résultat
Percentile par nombre de réponses
Votre historique - résultats
Vous n’avez pas pris ce quiz